Leicester City Title Winning Squad 15/16 - Statistics

General Stats
  • This quiz has been taken 44 times
  • The average score is 16 of 32
Answer Stats
Number Player % Correct
9 Jamie Vardy
100%
1 Kasper Schmeichel
97%
14 N'Golo Kanté
92%
26 Riyad Mahrez
92%
5 (C) Wes Morgan
92%
4 Danny Drinkwater
89%
6 Robert Huth
86%
17 Danny Simpson
84%
28 Christian Fuchs
81%
11 Marc Albrighton
81%
20 Shinji Okazaki
78%
23 Leonardo Ulloa
65%
10 Andy King
59%
30 Ben Chilwell
43%
22 Demarai Gray
43%
15 Jeffrey Schlupp
41%
27 Marcin Wasilewski
41%
2 Ritchie De Laet
41%
24 Nathan Dyer
32%
13 Daniel Amartey
30%
33 Gökhan Inler
30%
32 Mark Schwarzer
30%
19 Andrej Kramarić
24%
8 Matty James
24%
12 Ben Hamer
16%
41 Jonny Maddison
16%
36 Joe Dodoo
14%
29 Yohan Benalouane
14%
18 Liam Moore
11%
16 Tom Lawrence
8%
39 Andre Olukanmi
3%
38 Harry Panayiotou
3%
No matching quizzes found
Score Distribution
Percent of People with Each Score
Percentile by Number Answered
Your Score History
You have not taken this quiz